Laboratori General d'Assaigs i Condicionament
Descripción Física:
96 p. : il., [1] plànol pleg. , 24 cm
MARC
| LEADER | 00000nam a2200000Ia 4500 | ||
|---|---|---|---|
| 001 | 722 | ||
| 008 | 160829s1923 xx 000 0 cat d | ||
| 710 | 2 | |a Catalunya. |b Mancomunitat |9 53015 | |
| 856 | 4 | |u https://media.diba.cat/diba/fitxers/arxiu/mancomunitat/bib_722_1923_web.pdf |y Accés lliure | |
| 952 | |0 0 |1 0 |4 0 |6 C263 |7 1 |9 43384 |a Arxiu |b Arxiu |d 2016-12-01 |l 0 |o C-2-63 |p 722 |r 2016-12-01 00:00:00 |w 2016-12-01 |y ARXIU | ||
| 999 | |c 45929 |d 45929 | ||
| 080 | |a C-2-63 | ||
| 100 | |a Catalunya. Mancomunitat. Laboratori General d'Assaigs i Condicionament |9 24944 | ||
| 245 | |a Laboratori General d'Assaigs i Condicionament | ||
| 260 | |a Barcelona : |b Mancomunitat de Catalunya, |c 1923 | ||
| 300 | |a 96 p. : |b il., [1] plànol pleg. , 24 cm | ||
| 590 | |a Hi ha un duplicat a: DUP-334 | ||
| 650 | |a Laboratori General d'Assaigs i Condicionament |9 45230 | ||
| 901 | |a Arxiu | ||
| 942 | |n 1 |2 udc | ||